Catalogue du Musée Mayer van den Bergh (Record no. 553)

MARC details
000 -CABECERA
campo de control de longitud fija 00658nam a2200193 a 4500
001 - NÚMERO DE CONTROL
campo de control BRCA_636
005 - FECHA Y HORA DE LA ÚLTIMA TRANSACCIÓN
campo de control 20190320203105.0
008 - DATOS DE LONGITUD FIJA--INFORMACIÓN GENERAL
campo de control de longitud fija 940404s1933 be-a---##b---#000-0#fre-d
040 ## - FUENTE DE LA CATALOGACIÓN
Centro catalogador/agencia de origen MdU
Centro/agencia transcriptor MdU
Centro/agencia modificador DLC
050 #4 - SIGNATURA TOPOGRÁFICA DE LA BIBLIOTECA DEL CONGRESO
Número de clasificación N1768
Número de documento/Ítem .A57 1933
245 10 - MENCIÓN DE TÍTULO
Título Catalogue du Musée Mayer van den Bergh
Resto del título Anvers.
260 ## - PUBLICACIÓN, DISTRIBUCIÓN, ETC.
Lugar de publicación, distribución, etc. Bruselas, Bélgica
Nombre del editor, distribuidor, etc. Librairie Nationale D´Art et D´Histoire
Fecha de publicación, distribución, etc. 1933
300 ## - DESCRIPCIÓN FÍSICA
Extensión 93 p.
Otras características físicas il., [40 p.] de láminas
Dimensiones 18 cm.
500 ## - NOTA GENERAL
Nota general Estado físico: encuadernado, enero 2016
610 24 - PUNTO DE ACCESO ADICIONAL DE MATERIA--NOMBRE DE ENTIDAD CORPORATIVA
Nombre de entidad corporativa o nombre de jurisdicción como elemento de entrada Musée Mayer van den Bergh
Subdivisión de forma Catálogos
9 (RLIN) 2135
650 14 - PUNTO DE ACCESO ADICIONAL DE MATERIA--TÉRMINO DE MATERIA
Término de materia o nombre geográfico como elemento de entrada Arte europeo
Subdivisión de forma Catálogos
9 (RLIN) 2136
650 14 - PUNTO DE ACCESO ADICIONAL DE MATERIA--TÉRMINO DE MATERIA
Término de materia o nombre geográfico como elemento de entrada Arte
Subdivisión de forma Catálogos
Subdivisión geográfica Belgium
9 (RLIN) 2137
942 ## - ELEMENTOS DE PUNTO DE ACCESO ADICIONAL (KOHA)
Fuente del sistema de clasificación o colocación Library of Congress Classification
Tipo de ítem Koha Libros
Holdings
Estado de retiro Estado de pérdida Estado dañado No para préstamo Localización permanente Ubicación/localización actual Fecha de adquisición Total de préstamos Signatura topográfica completa Código de barras Fecha visto por última vez Precio válido a partir de Tipo de ítem Koha
El ejemplar forma parte de la colección y puede ser consultado según las políticas vigentes.       Biblioteca del Museo Franz Mayer (Rogerio Casas-Alatriste) Biblioteca del Museo Franz Mayer (Rogerio Casas-Alatriste) 25/06/2008   N1768 .A57 1933 00965 22/03/2019 22/03/2019 Libros